000 00560nam a2200169Ia 4500
003 GCL
005 20240530102716.0
008 140319s9999 xx 000 0 ara d
040 _aGCL /
_cGCL
082 0 4 _aكاسيت ق
_b1
100 1 _aعبدالباسط عبدالصمد
245 1 0 _aمجموعة شرائط للشيخ عبدالباسط عبدالصمد (قرآن كريم) /
_cعبدالباسط عبدالصمد
260 _a[S.N] :
_bلا يوجد
650 0 4 _aشرائط كاسيت
650 0 4 _aشرائط قران كريم
942 _2ddc
_cBK
999 _c34225
_d34225